| 000 | 01106nam a2200229 i 4500 | ||
|---|---|---|---|
| 001 | 64942 | ||
| 003 | ES-MaACL | ||
| 005 | 20240203062544.0 | ||
| 007 | t| | ||
| 008 | 040107s1903 sp ||||1| spa d | ||
| 100 | 1 |
_aFournier González, Gervasio. _9202793 |
|
| 245 | 1 | 0 |
_aOrigen del pueblo vasco español según las ciencias antropológicas, arqueológicas, históricas y geográficas : _bconferencias dadas en la Universidad Central por el catedrático honorario de la misma D. Gervasio Fournier González, los días 18 de marzo y 2 y 23 de abril de 1903, precedidas de una protesta en defensa propia. |
| 260 |
_aValladolid : _b[s.n.], _c1903 ( _fTipolit. de Saturnino Pérez) |
||
| 300 |
_a113 p., [1] h. de mapa col., ; _c26 cm. |
||
| 530 | _aDisponible en formato digital. | ||
| 650 | 4 |
_aVascos- _xHistoria. _917744 |
|
| 650 |
_aIberos. _913518 |
||
| 710 | 2 |
_aUniversidad Central (Madrid) _97084 |
|
| 852 |
_aES-MaACL _jT-1252-F-10 _z- Dedicatoria autógrafa del autor |
||
| 856 |
_uhttp://bdh-rd.bne.es/viewer.vm?id=0000092842&page=1 _zBiblioteca Digital Hispánica |
||
| 999 |
_c64942 _d64942 |
||